Countries That The Rolling Stones Have Visited on a Map - Statistics

General Stats
  • This quiz has been taken 27 times
  • The average score is 42 of 46
Answers on the Map
Answers color-coded by a green-red scale on the quiz's map according to % correct below.
 
Answer Stats
Hint Hint Country % Correct
234.0 373.0 Argentina
100%
266 294 Brazil
100%
143 66 Canada
100%
218 384 Chile
100%
363.0 82.5 Ireland
100%
151.0 182.0 Mexico
100%
208 292 Peru
100%
577 52 Russia
100%
377 86 United Kingdom
100%
153 129 United States
100%
683.0 342.0 Australia
95%
414.2 100.9 Austria
95%
391.0 91.0 Belgium
95%
615.0 140.9 China
95%
206.0 190.2 Cuba
95%
386 105 France
95%
404.0 89.9 Germany
95%
430 129 Greece
95%
556 185.9 India
95%
459.0 157.0 Israel
95%
416.4 124.2 Italy
95%
693.3 140.0 Japan
95%
776.7 391.9 New Zealand
95%
423.6 87.1 Poland
95%
361.7 127.6 Portugal
95%
436.7 107.1 Romania
95%
372 127.5 Spain
95%
398.4 103.5 Switzerland
95%
414.0 93.8 Czech Republic
90%
401.5 73.5 Denmark
90%
437 52 Finland
90%
424.4 103.1 Hungary
90%
393 86.9 Netherlands
90%
401.7 57 Norway
90%
427.6 113.0 Serbia
90%
431 365 South Africa
90%
414.3 60.5 Sweden
90%
460.3 130.6 Turkey
90%
418.0 108.0 Croatia
86%
254.9 370.2 Uruguay
86%
394.3 94.2 Luxembourg
81%
439.0 64.8 Estonia
76%
614.2 256.7 Singapore
71%
502.0 182.5 United Arab Emirates
71%
423.7 117.8 Montenegro
62%
616.0 219.1 Cambodia
52%
No matching quizzes found
Score Distribution
Percent of People with Each Score
Percentile by Number Answered
Your Score History
You have not taken this quiz